000 01381nam0a2200313 i 4500
001 RU\NLR\BIBL_A\010800212
005 20260629063051.0
010 _a9785905949586
_9100
021 _aRU
_b2015-40469
_92408
035 _a(NILC)RuMoRGB-007943241
035 _a(NLR Aleph) 010800212
090 _a10156114
_c10156114
100 _a20150709d2015 um y0rusy50 ca
101 0 _arus
102 _aRU
105 _aa|||j|||000yy
200 1 _aЦенообразование
_eучебное пособие
_fТ. В. Белова
_gМ-во образования и науки Рос. Федерации, ФГБОУ ВПО "Российский экономический ун-т им. Г. В. Плеханова", Курский фил.
210 _aКурск
_cУчитель
_d2015
215 _a136 с.
_cил.
_d21
320 _aБиблиогр.: с. 94-95 (30 назв.)
606 _aЦенообразование
_jУчебные издания для высших учебных заведений
_3RU\NLR\AUTH\66207032
_91274254
686 1 _aУ5-861я73
700 1 _7ca
_8rus
_aБелова
_bТ. В.
_cканд. экон. наук
_gТатьяна Валентиновна
_9150543
_3RU\NLR\AUTH\770150580
801 0 _aRU
_bРГБ
_c20150601
_gRCR
801 1 _aRU
_bРГБ
_c20150601
_2rusmarc
942 _cBOOK
980 _aNBR